UBT Library

Student solutions guide to accompany chemistry (Record no. 40822)

000 -LEADER
fixed length control field 00316nam a22001337a 4500
008 - FIXED-LENGTH DATA ELEMENTS--GENERAL INFORMATION
fixed length control field 180124b xxu||||| |||| 00| 0 eng d
020 ## - INTERNATIONAL STANDARD BOOK NUMBER
International Standard Book Number 9780618528509
041 ## - LANGUAGE CODE
Language code of text/sound track or separate title eng
080 ## - UNIVERSAL DECIMAL CLASSIFICATION NUMBER
Universal Decimal Classification number 54
100 ## - Rafti
Rafti 12
101 ## - Shkurtesa
Shkurtesa KIM
245 ## - TITLE STATEMENT
Title Student solutions guide to accompany chemistry
Statement of responsibility, etc Hummel,TH.J
942 ## - ADDED ENTRY ELEMENTS (KOHA)
Source of classification or shelving scheme
Item type Books
Holdings
Withdrawn status Lost status Source of classification or shelving scheme Damaged status Not for loan Collection code Permanent location Current location Shelving location Date acquired Total Checkouts Full call number Barcode Date last seen Price effective from Koha item type
          Koleksioni i përgjithshem UBT - Lipjan UBT - Lipjan Koleksioni i përgjithshem 01/24/2018   54 HUM 002-2996333 01/24/2018 01/24/2018 Books
UBT Library © 2015-2024. All rights reserved University Education for Business and Technology